000 01279naa a2200313 c 4500
001 49559
999 _c49559
_d49559
003 ES-MaCES
005 20170615150723.0
008 170615s2017 uk ||||| t||||||| ||eng d
040 _aES-MaCES
_bspa
_cES-MaCES
_dES-MaCES
100 1 _938296
_aJafari, Yaghoob
245 1 0 _aEstimates of ad valorem equivalents of barriers against foreign suppliers of services in eleven services sectors and 103 countries
_cYaghoob Jafari, David G. Tarr
504 _aBibliografía: p. 572-573
650 4 _927947
_asector terciario
650 4 _930653
_aglobalización económica
650 4 _928005
_alibre comercio
650 4 _927958
_acomercio internacional
650 4 _930595
_aproveedor
650 4 _927142
_aempresa multinacional
650 4 _926677
_afrontera
650 4 _927945
_acoste de distribución
650 4 _929368
_amodelo econométrico
650 4 _928889
_aanálisis estadístico
653 1 0 _aComercio internacional
700 1 _938297
_aTarr, David G.
773 0 _986021
_dOxford (Cowley Road, 108, OX4 1JF) Cambridge (Main Street, 238, MA 02142) Blackwell
_o088919
_tThe world economy
_w(ES-MaCES)25728
_gvol. 40, no. 3 (Mar. 2017) {10214 R. 088919} ;p. 544-573
902 _aART Artículo de revista
942 _2CES
_cAR
_h0.0.